| 000 | 05921nam a22005777a 4500 | ||
|---|---|---|---|
| 005 | 20100802164323.0 | ||
| 010 | _aENG-97750 | ||
| 020 |
_a9788183332446 _c99.00 |
||
| 035 | _aEN-81283 | ||
| 035 | _aB-414006-032 | ||
| 037 | _bDBAD/PUB | ||
| 037 | _bBPB Publicatons | ||
| 082 | _a657.0285 | ||
| 100 |
_aNadhani, Ashok K _924209 |
||
| 245 |
_aSImple tally 9 : _bincliding tally. ERP 9 at a glance / _cby Ashok K Nadhani |
||
| 250 | _a2nd rev. ed. | ||
| 260 |
_aNew Delhi _bBPB Publishers _c2010 |
||
| 270 |
_aB-14, Connaught Place _bNew Delhi _e110001 |
||
| 300 |
_axix, 266p. _c21cm (pbk) |
||
| 650 |
_aAccounting _924210 |
||
| 650 |
_aFinancial Accounting- Tally _924211 |
||
| 942 |
_2ddc _cEN _h657.0285 _mNAD |
||
| 999 |
_c38810 _d38810 |
||